Nghiên cứu các nhân tố ảnh hưởng đến ý định khởi sự kinh doanh của sinh viên tại các trường Đại học và Cao đẳng ở Kiên Giang : Luận văn tốt nghiệp Thạc sĩ. Chuyên ngành Quản trị kinh doanh
Phân tích các nhân tố ảnh hưởng đến ý định khởi sự kinh doanh của sinh viên tại trường Đại học và Cao đẳng ở Kiên Giang. Qua đó tác giả đề xuất hàm ý chính sách trang bị cho sinh viên những kỹ năng, kiến thức cần thiết cho quá trình khởi s...
Đã lưu trong:
| Príomhúdar: | |
|---|---|
| Formáid: | Leabhar |
| Teanga: | Undetermined |
| Foilsithe: |
Cần Thơ
Trường Đại học Cần Thơ
2019
|
| Ábhair: | |
| Clibeanna: |
Cuir Clib Leis
Gan Chlibeanna, Bí ar an gcéad duine leis an taifead seo a chlibeáil!
|
| Thư viện lưu trữ: | Trung tâm Học liệu Trường Đại học Cần Thơ |
|---|
| LEADER | 01321nam a2200217Ia 4500 | ||
|---|---|---|---|
| 001 | CTU_232762 | ||
| 008 | 210402s9999 xx 000 0 und d | ||
| 082 | |a 658.11 | ||
| 082 | |b N510 | ||
| 088 | |a 8340101 | ||
| 100 | |a Nguyễn, Thành Núi | ||
| 245 | 0 | |a Nghiên cứu các nhân tố ảnh hưởng đến ý định khởi sự kinh doanh của sinh viên tại các trường Đại học và Cao đẳng ở Kiên Giang : | |
| 245 | 0 | |b Luận văn tốt nghiệp Thạc sĩ. Chuyên ngành Quản trị kinh doanh | |
| 245 | 0 | |c Nguyễn Thành Núi ; Lê Tấn Nghiêm (Cán bộ hướng dẫn) | |
| 260 | |a Cần Thơ | ||
| 260 | |b Trường Đại học Cần Thơ | ||
| 260 | |c 2019 | ||
| 520 | |a Phân tích các nhân tố ảnh hưởng đến ý định khởi sự kinh doanh của sinh viên tại trường Đại học và Cao đẳng ở Kiên Giang. Qua đó tác giả đề xuất hàm ý chính sách trang bị cho sinh viên những kỹ năng, kiến thức cần thiết cho quá trình khởi sự kinh doanh. | ||
| 650 | |a New business enterprises,Doanh nghiệp kinh doanh mới | ||
| 910 | |b nthai | ||
| 980 | |a Trung tâm Học liệu Trường Đại học Cần Thơ | ||